| 000 | 00352cam a22001217a 4500 | ||
|---|---|---|---|
| 008 | 180718b1968 xxu||||| |||| 00| 0 eng d | ||
| 082 | _aT19065x42 M344 | ||
| 100 | _aMarlow, Barbara | ||
| 245 |
_aCharging the British economy _cby Barbara Marlow |
||
| 260 |
_aLondon _bLongmans _c1968 |
||
| 300 | _a173p. | ||
| 650 | _aU.K. - Economic Conditons - Statistics | ||
| 999 |
_c373041 _d373041 |
||